[Event "Wch Seniors 08th"]
[Site "Grieskirchen"]
[Date "1998.11.19"]
[Round "9"]
[White "Hager, Johann"]
[Black "Grassmehl, Gerhard"]
[Result "0-1"]
[WhiteElo "1577"]
[BlackElo "1725"]
[PlyCount "74"]
[EventDate "1998.11.08"]
[EventType "swiss"]
[EventRounds "11"]
[EventCountry "AUT"]
[SourceTitle "CBM 067 Extra"]
[Source "ChessBase"]
[SourceDate "1999.01.01"]
[SourceVersion "1"]
[SourceVersionDate "1999.01.01"]
[SourceQuality "1"]

1. c4 Nf6 2. Nc3 c5 3. Nf3 Nc6 4. g3 g6 5. Bg2 Bg7 6. 0-0 0-0 7. e4 d6 8. d3 e5 9. Rb1 a6 10. Bd2 Bd7 11. a3 Rb8 12. b4 Nd4 13. Nxd4 exd4 14. Nd5 Nxd5 15. exd5 b5 16. Bf4 cxb4 17. axb4 Bf5 18. Rc1 bxc4 19. Rxc4 g5 20. Bc1 Bd7 21. Qb3 Bb5 22. Rc2 h6 23. f4 Qd7 24. Qa3 g4 25. f5 Rfc8 26. Rxc8+ Rxc8 27. Be4 Rc3 28. Qa1 Qc8 29. Bf4 Be5 30. Bxh6 Bxd3 31. Bxd3 Rxd3 32. Qb1 Qc3 33. Qc1 Rxg3+ 34. Kh1 Qxc1 35. Rxc1 Rc3 36. Ra1 Rc2 37. Rg1 Rxh2# 0-1

[Event "Wch Seniors 08th"]
[Site "Grieskirchen"]
[Date "1998.11.13"]
[Round "5"]
[White "Burger, Anton"]
[Black "Hager, Johann"]
[Result "1-0"]
[WhiteElo "1657"]
[BlackElo "1577"]
[PlyCount "87"]
[EventDate "1998.11.08"]
[EventType "swiss"]
[EventRounds "11"]
[EventCountry "AUT"]
[SourceTitle "CBM 067 Extra"]
[Source "ChessBase"]
[SourceDate "1999.01.01"]
[SourceVersion "1"]
[SourceVersionDate "1999.01.01"]
[SourceQuality "1"]

1. d4 d5 2. c4 e6 3. Nc3 Nf6 4. Bg5 Nbd7 5. e3 c6 6. Nf3 Qa5 7. Bxf6 Nxf6 8. Nd2 Bb4 9. Qb3 0-0 10. Be2 Re8 11. 0-0 Bxc3 12. bxc3 e5 13. dxe5 Rxe5 14. Nf3 Re8 15. cxd5 Nxd5 16. c4 Nf6 17. Rfd1 Qc7 18. Nd4 b6 19. Bf3 Bb7 20. a4 Nd7 21. Nf5 Ne5 22. Be2 c5 23. h3 Rad8 24. Qc3 Bc8 25. Ng3 f6 26. Nh5 Be6 27. f4 Nc6 28. Ng3 Na5 29. Kf2 Qf7 30. Ne4 Qc7 31. Nd2 Rd7 32. Nf3 Red8 33. Rxd7 Rxd7 34. g4 Bf7 35. g5 fxg5 36. Nxg5 h6 37. Nf3 Rd8 38. Rg1 Be6 39. h4 Nc6 40. Qf6 Rd6 41. Qxh6 Bxc4 42. Bxc4+ Kf8 43. Qh8+ Ke7 44. Rxg7+ 1-0

[Event "Wch Seniors 08th"]
[Site "Grieskirchen"]
[Date "1998.11.12"]
[Round "4"]
[White "Hager, Johann"]
[Black "Vogl, Karl"]
[Result "1-0"]
[WhiteElo "1577"]
[BlackElo "1406"]
[PlyCount "119"]
[EventDate "1998.11.08"]
[EventType "swiss"]
[EventRounds "11"]
[EventCountry "AUT"]
[SourceTitle "CBM 067 Extra"]
[Source "ChessBase"]
[SourceDate "1999.01.01"]
[SourceVersion "1"]
[SourceVersionDate "1999.01.01"]
[SourceQuality "1"]

1. c4 g6 2. Nc3 Bg7 3. Nf3 Nf6 4. e4 d6 5. d3 c6 6. Be2 0-0 7. 0-0 c5 8. Bd2 Nc6 9. a3 Ne8 10. Rb1 Nd4 11. Nxd4 Bxd4 12. Qc1 Bg7 13. b4 a6 14. Bh6 Nf6 15. Bxg7 Kxg7 16. Qf4 e5 17. Qd2 Bg4 18. f3 Bd7 19. f4 exf4 20. Qxf4 Bc8 21. Kh1 b6 22. Bf3 Ra7 23. h3 Qe7 24. bxc5 bxc5 25. Nd5 Nxd5 26. exd5 g5 27. Qd2 h6 28. Bh5 f5 29. Rb6 Qf6 30. Bd1 Kg8 31. Qb2 Qg6 32. Bc2 Raf7 33. d4 Qf6 34. dxc5 Qxb2 35. Rxb2 dxc5 36. Rb6 Rf6 37. Rfb1 f4 38. Rxf6 Rxf6 39. Rb6 Bf5 40. Bxf5 Rxf5 41. Rxa6 h5 42. Rc6 Kg7 43. Rxc5 Kf6 44. Rc6+ Ke5 45. d6 Ke6 46. c5 Rf7 47. Ra6 Kd5 48. Ra5 g4 49. hxg4 hxg4 50. Kg1 Rb7 51. Kf1 Rb1+ 52. Ke2 Rb2+ 53. Kd3 Rb3+ 54. Kc2 Re3 55. d7 Re2+ 56. Kd1 Rxg2 57. d8Q+ Ke4 58. Ra4+ Kf3 59. Qd3+ Kf2 60. Rxf4+ 1-0

[Event "Wch Seniors 08th"]
[Site "Grieskirchen"]
[Date "1998.11.11"]
[Round "3"]
[White "Fries, Karl Heinz"]
[Black "Hager, Johann"]
[Result "1-0"]
[WhiteElo "1732"]
[BlackElo "1577"]
[PlyCount "85"]
[EventDate "1998.11.08"]
[EventType "swiss"]
[EventRounds "11"]
[EventCountry "AUT"]
[SourceTitle "CBM 067 Extra"]
[Source "ChessBase"]
[SourceDate "1999.01.01"]
[SourceVersion "1"]
[SourceVersionDate "1999.01.01"]
[SourceQuality "1"]

1. e4 e6 2. d4 d5 3. e5 c5 4. c3 Nc6 5. Nf3 Qb6 6. a3 cxd4 7. cxd4 Bd7 8. Nc3 Nge7 9. Na4 Qc7 10. Nc5 Nf5 11. Nxd7 Qxd7 12. g4 Nfe7 13. b4 b6 14. Bd3 g6 15. Be3 Bg7 16. Qd2 h6 17. Rc1 Kf8 18. Qc2 Rc8 19. Qa4 Rc7 20. Bb5 Kg8 21. Rc2 Kh7 22. Ke2 Rhc8 23. Rhc1 Bf8 24. Kd2 Bg7 25. Ba6 Nxe5 26. Qxd7 Rxc2+ 27. Rxc2 Rxc2+ 28. Kxc2 Nxd7 29. Bb5 Nf6 30. Ne5 Kg8 31. f3 Bf8 32. h4 Kg7 33. Kb3 h5 34. g5 Nfg8 35. Be8 Nf5 36. Bf2 Nd6 37. Bd7 Ne7 38. b5 f6 39. Nc6 Nxb5 40. Nxe7 Nxd4+ 41. Bxd4 e5 42. gxf6+ Kxf6 43. Nxd5+ 1-0